| 000 | 00430nam a22001697a 4500 | ||
|---|---|---|---|
| 003 | NUST - PNEC | ||
| 005 | 20170116180920.0 | ||
| 008 | 150904b xxu||||| |||| 00| 0 eng d | ||
| 020 | _a- | ||
| 040 | _cLIBRARY | ||
| 082 | _a621.3 KOW | ||
| 100 |
_97707 _aKowalski, S. J. |
||
| 245 |
_aAn introduction to electrotechnology _cS. J. Kowalski |
||
| 260 | _cc.1960 | ||
| 650 |
_97708 _bElectrical Engineering _xEE |
||
| 942 |
_2ddc _cBK |
||
| 999 |
_c65587 _d65587 |
||